Język francuski : poziom podstawowy /
Uloženo v:
| Hlavní autor: | |
|---|---|
| Další autoři: | , |
| Médium: | Kniha |
| Jazyk: | polština |
| Vydáno: |
Kraków :
Wydawnictwo Szkolne Omega,
2006.
|
| Vydání: | Wyd. 2 rozsz. |
| Edice: | Matura 2007 - Omega
|
| Témata: | |
| Tagy: |
Žádné tagy, Buďte první, kdo vytvoří štítek k tomuto záznamu!
|
MARC
| LEADER | 00000cam a2200000 i 4500 | ||
|---|---|---|---|
| 001 | 9914446771605606 | ||
| 005 | 20260515140227.0 | ||
| 008 | 061005s2006 pl a d f 000 0 pol d | ||
| 020 | |a 8372671478 | ||
| 035 | |a sym144758-48omnis_network | ||
| 035 | |a (Ł M)sym144758 | ||
| 035 | |a (Sirsi) 150146 | ||
| 035 | |a (PL)b0001410668902 | ||
| 040 | |a Ł M |c Ł M |d Ł M | ||
| 080 | |a 804.0(075.3)(076):371.279.6 | ||
| 090 | |c 91 |d 90 | ||
| 100 | 1 | |a Jurkiewicz, Bożenna | |
| 245 | 1 | 0 | |a Język francuski : |b poziom podstawowy / |c Bożenna Jurkiewicz, Aleksandra Ratuszniak, Alicja Sobczak. |
| 250 | |a Wyd. 2 rozsz. | ||
| 260 | |a Kraków : |b Wydawnictwo Szkolne Omega, |c 2006. | ||
| 300 | |a 253 s. : |b il. kolor. ; |c 24 cm + |e dysk optyczny (CD-ROM). | ||
| 490 | 1 | |a Matura 2007 | |
| 650 | 9 | |a Język francuski |v ćwiczenia i zadania dla szkół ponadgimnazjalnych | |
| 650 | 9 | |a Matura (2005- ) | |
| 700 | 1 | |a Ratuszniak, Aleksandra |e Autor | |
| 700 | 1 | |a Sobczak, Alicja |c (romanistka) |e Autor | |
| 830 | 0 | |a Matura 2007 - Omega | |
| 920 | |a 83-7267-147-8 | ||
| 942 | |c K | ||
| 952 | |0 0 |1 0 |4 0 |6 R__82_000000000000000 |7 0 |9 88 |a RYT |b RYT |d 2026-05-13 |e 1/2014 |g 10.00 |l 0 |o R.82 |p 2000000000824 |r 2026-05-15 14:02:27 |w 2026-05-15 |y BK |z da | ||
| 999 | |c 88 |d 88 | ||